| 000 | 00982nam a2200229 a 4500 | ||
|---|---|---|---|
| 008 | 081029s1998 ||||||||||||||||| || u | ||
| 020 | _a0821342983 | ||
| 050 | _aIBRD(08)TP | ||
| 100 | _aSalman, Salman M. A | ||
| 245 | 1 | 0 |
_aInternational watercourses: enhancing cooperation and managing conflict: proceedings of a World Bank seminar _cEdited by Salman M. A. Salman and Laurence Boisson de Chazournes |
| 260 |
_aWashington, D.C. _bWorld Bank _c1998 |
||
| 300 | _axi, 95p.:ill. | ||
| 350 | _a0.00 | ||
| 490 | _aWorld Bank Technical Papers | ||
| 650 | _aPACIFIC SETTLEMENT OF INTERNATIONAL DISPUTES | ||
| 650 | 0 | _aWATER RESOURCES DEVELOPMENT--INTERNATIONAL COOPERATION | |
| 650 | _aINTERNATIONAL LAKES | ||
| 650 | _aINTERNATIONAL RIVERS | ||
| 700 | _aBoisson de chazournes, Laurence | ||
| 710 | _aWorld Bank | ||
| 995 |
_D0.00 _FCBU-MAIN LIBRARY (Kitwe) _H1 _I0.00 _M414 _UAVAILABLE _WOct 29, 2008 _ZInternational Publications |
||
| 999 |
_c47508 _d47508 |
||